00301nam a22001337a 4500003000400000020001800004082001800022100001800040245003600058250000800094260002900102300000800131650002800139SGT a9780199679379 a617.601bE13D aDaly, Blanaid aEssential Dental Public Health  a2nd bOxford Univ. Pressc2013 a253 aPublic Health Dentistry